000 02184nam a2200277 a 4500
001 000000357
003 DO-SdBNP
005 20260220124733.0
007 ta
008 081126s2003 dr ac 000 0 spa d
040 _aDO-SdBNP
_bspa
_cBNPHU
082 4 _a372.832
_bR426ma, 2003
_222
110 1 _aRepública Dominicana.
_bProcuraduría General de la República.
_bDepartamento de Prevención de la Corrupción Administrativa
_91204
245 0 0 _aManual de ética ciudadana :
_beducación moral y cívica : libro de texto para 6º, 7º y 8º del nivel básico.
260 _aSanto Domingo :
_bProcuraduría General de la República,
_c2003.
300 _a184 p. :
_bil., fots. ;
_c28 cm.
505 0 _tPresentación --
_tOrientaciones al/la profesor (a) --
_tPrimer Curso --
_tLa educación cívica --
_tNacimiento de la ética --
_tPapel de la educación moral y cívica en la formación de ciudadanos (as) --
_tInvestigación sobre la ética y la moral --
_tConciencia ética y conciencia moral --
_tDefiniendo conciencia ética y conciencia moral --
_tConciencia ética, conciencia moral y desarrollo humano --
_tModelos en cadena --
_tEl desarrollo de la criticidad en el estudiante de media --
_tEl método socrático --
_tLa comunicación y la ética --
_tLos sujetos y los valores --
_tEl líder --
_tEl respeto al medio social y ecológico ambiental --
_tLectura --
_tReflexionando --
_tValores que sustentan la estructura familiar --
_tLa familia --
_tCausas de la desintegración familiar --
_tLa honestidad --
_tActividades --
_tDerechos y deberes individuales y sociales --
_tConsultando la Ley General de Salud No. 42-00 --
_tLey No. 14-94: comentando y reflexionando sobre las leyes consultadas --
_tActividad, 51.
590 _aInventariado, 2018/MFF
650 7 _aÉtica
_xEnseñanza
_9509
_2LIBRUNAM
650 0 _aConducta de vida
_911947
_2LIBRUNAM
650 0 _aEducación cívica
_xLibros de texto
_91206
650 4 _aEducación cívica
_xEnseñanza secundaria
_978694
710 1 _aRepública Dominicana.
_bProcuradoria General de la República
_bDepartamento de Prevención de la Corrupción Administrativa
_978697
910 _aValidado. Control de calidad EMS.
942 _2ddc
_cLBS1
999 _c356
_d356